[Event "DVM U20w 2019"]
[Site "Braunschweig GER"]
[Date "2019.12.27"]
[Round "1"]
[White "Brunner, Sophia"]
[Black "Adelhardt, Lisa"]
[Result "0-1"]
[Termination "normal"]
[Board "4.1"]
[WhiteElo "1852"]
[BlackElo "1418"]
[WhiteClock "00:24:24"]
[BlackClock "00:24:36"]
[WhiteTeam "SK Nordhorn-Blanke"]
[BlackTeam "SC Erlangen 48/88"]
[PlyCount "85"]
[WhiteFideId "12960683"]
[BlackFideId "16235380"]
[EventCountry "GER"]
[EventRounds "7"]
[EventType "team-swiss"]
[EventDate "2019.12.26"]

1. d4 {[%clk 1:30:58]} Nf6 {[%clk 1:30:53]} 2. Nf3 {[%clk 1:31:21]} e6 {[%clk
1:31:17]} 3. g3 {[%clk 1:31:44]} b5 {[%clk 1:31:30]} 4. Bg2 {[%clk 1:32:03]}
Bb7 {[%clk 1:31:51]} 5. O-O {[%clk 1:32:04]} c5 {[%clk 1:31:10]} 6. c3 {[%clk
1:27:14]} Nc6 {[%clk 1:23:21]} 7. Bg5 {[%clk 1:20:11]} cxd4 {[%clk 1:18:43]} 8.
Nxd4 {[%clk 1:19:43]} a6 {[%clk 1:16:40]} 9. Nd2 {[%clk 1:14:37]} Be7 {[%clk
1:14:52]} 10. Nxc6 {[%clk 1:07:28]} Bxc6 {[%clk 1:12:52]} 11. Nf3 {[%clk
1:01:53]} O-O {[%clk 1:09:24]} 12. Nd4 {[%clk 1:01:48]} Bxg2 {[%clk 1:05:16]}
13. Kxg2 {[%clk 1:02:08]} h6 {[%clk 1:05:08]} 14. Bd2 {[%clk 0:56:45]} Qb6
{[%clk 1:01:42]} 15. f3 {[%clk 0:51:47]} d5 {[%clk 0:58:17]} 16. Be3 {[%clk
0:50:51]} Qc7 {[%clk 0:54:38]} 17. Qd3 {[%clk 0:47:23]} Nd7 {[%clk 0:49:50]}
18. Rad1 {[%clk 0:31:57]} Ne5 {[%clk 0:45:36]} 19. Qb1 {[%clk 0:28:02]} Bc5
{[%clk 0:40:39]} 20. Bf4 {[%clk 0:26:13]} Bd6 {[%clk 0:39:55]} 21. Bxe5 {[%clk
0:24:07]} Bxe5 {[%clk 0:40:15]} 22. Nc2 {[%clk 0:21:24]} Qc5 {[%clk 0:35:05]}
23. Nb4 {[%clk 0:18:36]} Rfd8 {[%clk 0:28:17]} 24. e4 {[%clk 0:14:42]} a5
{[%clk 0:20:22]} 25. Nd3 {[%clk 0:14:25]} Qc7 {[%clk 0:20:20]} 26. Nxe5 {[%clk
0:09:53]} Qxe5 {[%clk 0:20:38]} 27. exd5 {[%clk 0:10:07]} Rxd5 {[%clk 0:15:03]}
28. Rfe1 {[%clk 0:07:22]} Qd6 {[%clk 0:13:05]} 29. Rxd5 {[%clk 0:07:03]} exd5
{[%clk 0:09:49]} 30. Qd3 {[%clk 0:06:43]} Qc5 {[%clk 0:07:35]} 31. Rd1 {[%clk
0:05:35]} Rd8 {[%clk 0:07:27]} 32. Qd4 {[%clk 0:04:45]} Qc6 {[%clk 0:02:49]}
33. Rd3 {[%clk 0:03:24]} Kf8 {[%clk 0:02:20]} 34. b3 {[%clk 0:02:32]} Rc8
{[%clk 0:01:35]} 35. Kg1 {[%clk 0:01:11]} Qc5 {[%clk 0:00:45]} 36. Qxc5+ {[%clk
0:00:58]} Rxc5 {[%clk 0:01:09]} 37. Kf2 {[%clk 0:01:10]} Ke7 {[%clk 0:01:16]}
38. Ke3 {[%clk 0:01:27]} Kd6 {[%clk 0:00:53]} 39. Kd4 {[%clk 0:01:04]} Rc8
{[%clk 0:00:50]} 40. Re3 {[%clk 0:01:02]} f6 {[%clk 0:00:58]} 41. f4 {[%clk
0:30:09]} a4 {[%clk 0:25:39]} 42. f5 {[%clk 0:27:10]} axb3 {[%clk 0:24:36]} 43.
axb3 {[%clk 0:24:24]} *

[Event "DVM U20w 2019"]
[Site "Braunschweig GER"]
[Date "2019.12.27"]
[Round "1"]
[White "Schilay, Maria"]
[Black "Fock, Amina"]
[Result "0-1"]
[Termination "normal"]
[Board "4.2"]
[WhiteElo "1450"]
[BlackElo "1807"]
[WhiteClock "00:02:12"]
[BlackClock "00:20:45"]
[WhiteTeam "SC Erlangen 48/88"]
[BlackTeam "SK Nordhorn-Blanke"]
[PlyCount "74"]
[WhiteFideId "12942979"]
[BlackFideId "12981982"]
[EventCountry "GER"]
[EventRounds "7"]
[EventType "team-swiss"]
[EventDate "2019.12.26"]

1. e4 {[%clk 1:30:56]} c5 {[%clk 1:30:53]} 2. Nc3 {[%clk 1:31:17]} d6 {[%clk
1:31:14]} 3. g3 {[%clk 1:31:37]} g6 {[%clk 1:31:33]} 4. Bg2 {[%clk 1:31:52]}
Bg7 {[%clk 1:31:52]} 5. d3 {[%clk 1:32:04]} Nc6 {[%clk 1:32:02]} 6. Be3 {[%clk
1:32:11]} Rb8 {[%clk 1:32:16]} 7. Qd2 {[%clk 1:31:40]} b5 {[%clk 1:32:12]} 8.
Nge2 {[%clk 1:30:35]} e6 {[%clk 1:26:15]} 9. f4 {[%clk 1:17:08]} b4 {[%clk
1:22:01]} 10. Nd1 {[%clk 1:17:04]} Nd4 {[%clk 1:20:42]} 11. O-O {[%clk
1:09:22]} Ne7 {[%clk 1:16:41]} 12. Rb1 {[%clk 0:58:04]} Qa5 {[%clk 1:04:49]}
13. Nf2 {[%clk 0:49:00]} Nxe2+ {[%clk 0:52:57]} 14. Qxe2 {[%clk 0:48:13]} Qxa2
{[%clk 0:51:16]} 15. Ra1 {[%clk 0:41:29]} Qxb2 {[%clk 0:51:36]} 16. Rxa7 {[%clk
0:39:58]} Nc6 {[%clk 0:48:59]} 17. Ra4 {[%clk 0:35:03]} Bd7 {[%clk 0:45:44]}
18. Ra6 {[%clk 0:32:56]} b3 {[%clk 0:42:49]} 19. Rc1 {[%clk 0:27:34]} Nd4
{[%clk 0:35:49]} 20. Qd2 {[%clk 0:25:19]} Nxc2 {[%clk 0:33:45]} 21. e5 {[%clk
0:19:31]} Qxc1+ {[%clk 0:25:50]} 22. Qxc1 {[%clk 0:19:08]} Nxe3 {[%clk
0:26:09]} 23. Qb2 {[%clk 0:12:51]} dxe5 {[%clk 0:23:38]} 24. fxe5 {[%clk
0:11:20]} O-O {[%clk 0:23:46]} 25. Ra3 {[%clk 0:09:56]} Nxg2 {[%clk 0:23:53]}
26. Kxg2 {[%clk 0:09:55]} Bxe5 {[%clk 0:24:02]} 27. Qb1 {[%clk 0:07:16]} b2
{[%clk 0:23:40]} 28. Nd1 {[%clk 0:05:52]} Bc6+ {[%clk 0:23:31]} 29. Kh3 {[%clk
0:05:55]} Ra8 {[%clk 0:22:15]} 30. Rxa8 {[%clk 0:05:37]} Rxa8 {[%clk 0:22:40]}
31. Nxb2 {[%clk 0:04:54]} Rb8 {[%clk 0:22:39]} 32. Qc2 {[%clk 0:04:09]} Rxb2
{[%clk 0:22:08]} 33. Qxc5 {[%clk 0:03:56]} Bg2+ {[%clk 0:22:32]} 34. Kg4 {[%clk
0:03:47]} h5+ {[%clk 0:21:23]} 35. Kg5 {[%clk 0:03:34]} Bg7 {[%clk 0:20:31]}
36. Kf4 {[%clk 0:02:34]} e5+ {[%clk 0:20:27]} 37. Kg5 {[%clk 0:02:12]} Kh7
{[%clk 0:20:45]} 0-1

[Event "DVM U20w 2019"]
[Site "Braunschweig GER"]
[Date "2019.12.27"]
[Round "1"]
[White "Strobel, Miriam"]
[Black "Hallfarth, Luise"]
[Result "0-1"]
[Termination "normal"]
[Board "4.4"]
[WhiteElo "1299"]
[BlackElo "1517"]
[WhiteClock "00:17:26"]
[BlackClock "00:16:40"]
[WhiteTeam "SC Erlangen 48/88"]
[BlackTeam "SK Nordhorn-Blanke"]
[PlyCount "100"]
[WhiteFideId "16217225"]
[BlackFideId "16250222"]
[EventCountry "GER"]
[EventRounds "7"]
[EventType "team-swiss"]
[EventDate "2019.12.26"]

1. e4 {[%clk 1:30:57]} c5 {[%clk 1:30:50]} 2. Nc3 {[%clk 1:31:08]} Nc6 {[%clk
1:30:56]} 3. f4 {[%clk 1:31:26]} g6 {[%clk 1:30:09]} 4. Nf3 {[%clk 1:31:41]}
Bg7 {[%clk 1:29:36]} 5. Bb5 {[%clk 1:31:49]} e6 {[%clk 1:28:19]} 6. Bxc6 {[%clk
1:31:12]} bxc6 {[%clk 1:26:29]} 7. O-O {[%clk 1:30:56]} Ne7 {[%clk 1:25:49]} 8.
Qe1 {[%clk 1:28:39]} O-O {[%clk 1:22:05]} 9. d3 {[%clk 1:25:39]} Qb6 {[%clk
1:18:18]} 10. Kh1 {[%clk 1:23:35]} Ba6 {[%clk 1:16:45]} 11. Rb1 {[%clk
1:12:52]} d5 {[%clk 1:13:20]} 12. Qh4 {[%clk 1:03:07]} Bxc3 {[%clk 1:03:41]}
13. Qxe7 {[%clk 0:55:41]} dxe4 {[%clk 1:01:33]} 14. Ne5 {[%clk 0:53:57]} Bxe5
{[%clk 1:00:25]} 15. fxe5 {[%clk 0:54:18]} Qd8 {[%clk 0:58:19]} 16. Qxc5 {[%clk
0:49:31]} Qc7 {[%clk 0:53:28]} 17. Qa3 {[%clk 0:46:17]} Bb7 {[%clk 0:50:40]}
18. d4 {[%clk 0:43:59]} Rfd8 {[%clk 0:49:02]} 19. c3 {[%clk 0:38:43]} Rd5
{[%clk 0:47:00]} 20. Qb3 {[%clk 0:37:34]} c5 {[%clk 0:46:10]} 21. Be3 {[%clk
0:37:28]} Ba6 {[%clk 0:44:21]} 22. c4 {[%clk 0:33:29]} Rd7 {[%clk 0:43:19]} 23.
Rfd1 {[%clk 0:32:49]} cxd4 {[%clk 0:42:05]} 24. Rxd4 {[%clk 0:30:58]} Rxd4
{[%clk 0:41:37]} 25. Bxd4 {[%clk 0:31:23]} Qxc4 {[%clk 0:39:30]} 26. Qxc4
{[%clk 0:30:45]} Bxc4 {[%clk 0:39:53]} 27. a3 {[%clk 0:31:12]} a6 {[%clk
0:38:30]} 28. Kg1 {[%clk 0:30:49]} Rd8 {[%clk 0:38:33]} 29. Rd1 {[%clk
0:28:24]} Bd3 {[%clk 0:37:14]} 30. Bc3 {[%clk 0:25:20]} e3 {[%clk 0:33:25]} 31.
Bd2 {[%clk 0:24:11]} e2 {[%clk 0:31:50]} 32. Re1 {[%clk 0:23:38]} Rd4 {[%clk
0:31:34]} 33. Kf2 {[%clk 0:23:06]} Re4 {[%clk 0:30:22]} 34. Bc3 {[%clk
0:21:50]} g5 {[%clk 0:28:45]} 35. h3 {[%clk 0:21:16]} Kg7 {[%clk 0:28:42]} 36.
Kf3 {[%clk 0:21:11]} Kg6 {[%clk 0:28:49]} 37. g4 {[%clk 0:21:20]} h5 {[%clk
0:28:57]} 38. Kg3 {[%clk 0:20:39]} Re3+ {[%clk 0:28:15]} 39. Kg2 {[%clk
0:20:38]} Re4 {[%clk 0:23:22]} 40. Kf3 {[%clk 0:20:40]} Rf4+ {[%clk 0:22:51]}
41. Kg3 {[%clk 0:20:02]} Rf1 {[%clk 0:22:28]} 42. Kg2 {[%clk 0:19:53]} Be4+
{[%clk 0:17:04]} 43. Kh2 {[%clk 0:18:18]} Rf2+ {[%clk 0:16:41]} 44. Kg1 {[%clk
0:17:58]} Rg2+ {[%clk 0:16:54]} 45. Kh1 {[%clk 0:18:15]} Rxg4+ {[%clk 0:16:54]}
46. Kh2 {[%clk 0:18:29]} Rg2+ {[%clk 0:16:49]} 47. Kh1 {[%clk 0:18:58]} g4
{[%clk 0:16:24]} 48. h4 {[%clk 0:17:17]} g3 {[%clk 0:16:14]} 49. Bd4 {[%clk
0:17:01]} Rh2+ {[%clk 0:16:19]} 50. Kg1 {[%clk 0:17:26]} Rh1# {[%clk 0:16:40]}
0-1

[Event "DVM U20w 2019"]
[Site "Braunschweig GER"]
[Date "2019.12.27"]
[Round "1"]
[White "Rempe, Janne"]
[Black "Miljkovic, Jovana"]
[Result "0-1"]
[Termination "normal"]
[Board "5.1"]
[BlackTitle "WFM"]
[WhiteElo "1559"]
[BlackElo "2021"]
[WhiteClock "00:03:49"]
[BlackClock "00:15:26"]
[WhiteTeam "SK Doppelbauer Kiel"]
[BlackTeam "SV Lingen"]
[PlyCount "64"]
[WhiteFideId "16202392"]
[BlackFideId "958336"]
[EventCountry "GER"]
[EventRounds "7"]
[EventType "team-swiss"]
[EventDate "2019.12.26"]

1. d4 {[%clk 1:30:52]} Nf6 {[%clk 1:30:55]} 2. Nf3 {[%clk 1:31:04]} e6 {[%clk
1:31:21]} 3. Bf4 {[%clk 1:31:06]} c5 {[%clk 1:31:45]} 4. c3 {[%clk 1:29:47]}
Qb6 {[%clk 1:31:47]} 5. Qc2 {[%clk 1:28:09]} cxd4 {[%clk 1:23:59]} 6. cxd4
{[%clk 1:25:49]} Nc6 {[%clk 1:23:37]} 7. e3 {[%clk 1:23:55]} d5 {[%clk
1:22:34]} 8. Nc3 {[%clk 1:21:08]} Bd7 {[%clk 1:13:13]} 9. a3 {[%clk 1:17:44]}
Rc8 {[%clk 1:10:01]} 10. Bd3 {[%clk 1:13:23]} Na5 {[%clk 1:07:18]} 11. b4
{[%clk 1:07:42]} Nc4 {[%clk 0:50:33]} 12. O-O {[%clk 1:01:12]} Be7 {[%clk
0:44:46]} 13. h3 {[%clk 0:56:31]} Nd6 {[%clk 0:40:54]} 14. Qd2 {[%clk 0:50:35]}
Nde4 {[%clk 0:34:04]} 15. Bxe4 {[%clk 0:44:43]} Nxe4 {[%clk 0:34:29]} 16. Nxe4
{[%clk 0:43:20]} dxe4 {[%clk 0:34:57]} 17. Ne5 {[%clk 0:42:12]} Ba4 {[%clk
0:31:38]} 18. Rfc1 {[%clk 0:39:55]} O-O {[%clk 0:31:46]} 19. Qe2 {[%clk
0:37:26]} f6 {[%clk 0:28:58]} 20. Nc4 {[%clk 0:33:56]} Qb5 {[%clk 0:25:16]} 21.
Qa2 {[%clk 0:30:13]} Qd5 {[%clk 0:25:11]} 22. Kh2 {[%clk 0:12:47]} b5 {[%clk
0:20:42]} 23. Qe2 {[%clk 0:08:46]} Rxc4 {[%clk 0:19:54]} 24. Rxc4 {[%clk
0:08:16]} bxc4 {[%clk 0:20:02]} 25. Rc1 {[%clk 0:07:28]} Rc8 {[%clk 0:18:01]}
26. Qg4 {[%clk 0:06:17]} Bd6 {[%clk 0:17:07]} 27. Qg3 {[%clk 0:04:31]} Bxf4
{[%clk 0:17:22]} 28. Qxf4 {[%clk 0:04:30]} c3 {[%clk 0:17:20]} 29. Qg4 {[%clk
0:04:26]} c2 {[%clk 0:16:02]} 30. Qe2 {[%clk 0:04:23]} Qc4 {[%clk 0:15:39]} 31.
Qd2 {[%clk 0:04:05]} Qd3 {[%clk 0:16:01]} 32. Qe1 {[%clk 0:03:49]} Qd1 {[%clk
0:15:26]} 0-1

[Event "DVM U20w 2019"]
[Site "Braunschweig GER"]
[Date "2019.12.27"]
[Round "1"]
[White "Mönster, Madita"]
[Black "Rempe, Mieke"]
[Result "1-0"]
[Termination "normal"]
[Board "5.2"]
[WhiteElo "1956"]
[BlackElo "1619"]
[WhiteClock "00:13:07"]
[BlackClock "00:33:32"]
[WhiteTeam "SV Lingen"]
[BlackTeam "SK Doppelbauer Kiel"]
[PlyCount "59"]
[WhiteFideId "12947156"]
[BlackFideId "16202384"]
[EventCountry "GER"]
[EventRounds "7"]
[EventType "team-swiss"]
[EventDate "2019.12.26"]

1. e4 {[%clk 1:30:57]} c6 {[%clk 1:30:36]} 2. Nc3 {[%clk 1:31:17]} d5 {[%clk
1:30:41]} 3. Nf3 {[%clk 1:31:38]} dxe4 {[%clk 1:30:43]} 4. Nxe4 {[%clk
1:31:59]} Nd7 {[%clk 1:30:34]} 5. Bc4 {[%clk 1:28:28]} Ngf6 {[%clk 1:29:33]} 6.
Qe2 {[%clk 1:27:03]} e6 {[%clk 1:27:59]} 7. d4 {[%clk 1:19:44]} Nxe4 {[%clk
1:25:14]} 8. Qxe4 {[%clk 1:20:00]} Nf6 {[%clk 1:24:02]} 9. Qe2 {[%clk 1:19:19]}
Bd6 {[%clk 1:22:33]} 10. O-O {[%clk 1:18:07]} O-O {[%clk 1:21:09]} 11. Bg5
{[%clk 1:14:05]} b5 {[%clk 1:19:01]} 12. Bd3 {[%clk 1:11:54]} Bb7 {[%clk
1:18:18]} 13. c3 {[%clk 1:06:49]} Qc7 {[%clk 1:15:56]} 14. Rfe1 {[%clk
0:58:03]} Nd5 {[%clk 1:14:08]} 15. Qe4 {[%clk 0:55:52]} g6 {[%clk 1:11:27]} 16.
Bh6 {[%clk 0:43:17]} Rfe8 {[%clk 1:09:39]} 17. Qh4 {[%clk 0:37:17]} a6 {[%clk
1:03:27]} 18. Ne5 {[%clk 0:34:20]} c5 {[%clk 0:54:44]} 19. Ng4 {[%clk 0:24:36]}
c4 {[%clk 0:44:06]} 20. Be4 {[%clk 0:21:19]} Be7 {[%clk 0:43:49]} 21. Bg5
{[%clk 0:20:32]} Qd8 {[%clk 0:42:54]} 22. Nh6+ {[%clk 0:15:36]} Kg7 {[%clk
0:41:14]} 23. Nxf7 {[%clk 0:14:07]} Bxg5 {[%clk 0:36:10]} 24. Nxd8 {[%clk
0:14:14]} Bxh4 {[%clk 0:36:34]} 25. Nxb7 {[%clk 0:14:36]} Ra7 {[%clk 0:35:31]}
26. Bxd5 {[%clk 0:14:10]} Bxf2+ {[%clk 0:33:23]} 27. Kxf2 {[%clk 0:14:07]} Rf8+
{[%clk 0:33:47]} 28. Bf3 {[%clk 0:13:31]} Rxb7 {[%clk 0:34:09]} 29. Rxe6 {[%clk
0:13:07]} Ra7 {[%clk 0:33:32]} 30. Rae1 1/2-1/2

[Event "DVM U20w 2019"]
[Site "Braunschweig GER"]
[Date "2019.12.27"]
[Round "1"]
[White "Birner, Lucy Jasmin"]
[Black "Möller, Hannah"]
[Result "0-1"]
[Termination "normal"]
[Board "5.3"]
[WhiteElo "1611"]
[BlackElo "1832"]
[WhiteClock "00:15:11"]
[BlackClock "01:28:19"]
[WhiteTeam "SK Doppelbauer Kiel"]
[BlackTeam "SV Lingen"]
[PlyCount "120"]
[WhiteFideId "16205910"]
[BlackFideId "1270514"]
[EventCountry "GER"]
[EventRounds "7"]
[EventType "team-swiss"]
[EventDate "2019.12.26"]

1. e4 {[%clk 1:30:56]} c5 {[%clk 1:30:48]} 2. Bc4 {[%clk 1:29:23]} d6 {[%clk
1:30:14]} 3. Ne2 {[%clk 1:24:41]} Nf6 {[%clk 1:30:12]} 4. Nbc3 {[%clk 1:23:41]}
g6 {[%clk 1:30:28]} 5. d4 {[%clk 1:21:03]} cxd4 {[%clk 1:30:52]} 6. Qxd4 {[%clk
1:20:25]} Bg7 {[%clk 1:30:56]} 7. f3 {[%clk 1:15:06]} O-O {[%clk 1:31:19]} 8.
Be3 {[%clk 1:15:05]} Nc6 {[%clk 1:31:21]} 9. Qd2 {[%clk 1:15:01]} Ne5 {[%clk
1:30:03]} 10. Bb3 {[%clk 1:13:58]} Bd7 {[%clk 1:30:15]} 11. Nd5 {[%clk
1:06:55]} Nxd5 {[%clk 1:29:28]} 12. Bxd5 {[%clk 1:06:21]} Bc6 {[%clk 1:29:50]}
13. Bxc6 {[%clk 1:06:10]} bxc6 {[%clk 1:30:16]} 14. O-O {[%clk 1:06:05]} Nc4
{[%clk 1:30:36]} 15. Qd3 {[%clk 1:04:51]} Nxb2 {[%clk 1:27:03]} 16. Qa6 {[%clk
1:02:10]} Qc8 {[%clk 1:26:45]} 17. Qxc8 {[%clk 0:59:03]} Rfxc8 {[%clk 1:27:10]}
18. Rab1 {[%clk 0:56:51]} Nc4 {[%clk 1:27:18]} 19. Bc1 {[%clk 0:47:29]} Rcb8
{[%clk 1:27:12]} 20. Rb3 {[%clk 0:46:45]} a5 {[%clk 1:25:24]} 21. Rd1 {[%clk
0:42:48]} a4 {[%clk 1:25:27]} 22. Rxb8+ {[%clk 0:38:41]} Rxb8 {[%clk 1:25:51]}
23. c3 {[%clk 0:32:13]} Rb1 {[%clk 1:24:17]} 24. Rf1 {[%clk 0:26:15]} Ra1
{[%clk 1:23:23]} 25. a3 {[%clk 0:25:52]} Nxa3 {[%clk 1:22:39]} 26. Bb2 {[%clk
0:23:44]} Rxf1+ {[%clk 1:23:01]} 27. Kxf1 {[%clk 0:23:59]} Nc4 {[%clk 1:23:25]}
28. Ba1 {[%clk 0:23:16]} Ne3+ {[%clk 1:23:50]} 29. Kf2 {[%clk 0:22:54]} Nc2
{[%clk 1:24:16]} 30. Bb2 {[%clk 0:21:30]} a3 {[%clk 1:24:38]} 31. Bxa3 {[%clk
0:21:46]} Nxa3 {[%clk 1:25:03]} 32. Ke3 {[%clk 0:21:59]} Nb5 {[%clk 1:25:01]}
33. Kd3 {[%clk 0:21:59]} g5 {[%clk 1:24:09]} 34. c4 {[%clk 0:21:17]} Nc7 {[%clk
1:24:09]} 35. h3 {[%clk 0:19:58]} Ne6 {[%clk 1:24:32]} 36. g3 {[%clk 0:19:41]}
h5 {[%clk 1:24:02]} 37. Ke3 {[%clk 0:17:50]} Kh7 {[%clk 1:22:55]} 38. f4 {[%clk
0:13:39]} gxf4+ {[%clk 1:23:19]} 39. gxf4 {[%clk 0:13:48]} Bh6 {[%clk 1:23:45]}
40. Kf3 {[%clk 0:13:44]} Nxf4 {[%clk 1:23:56]} 41. Nxf4 {[%clk 0:13:57]} Bxf4
{[%clk 1:24:21]} 42. Kxf4 {[%clk 0:14:23]} Kg6 {[%clk 1:24:48]} 43. h4 {[%clk
0:14:04]} Kf6 {[%clk 1:24:49]} 44. Kf3 {[%clk 0:13:58]} Ke5 {[%clk 1:25:04]}
45. Ke3 {[%clk 0:13:44]} f5 {[%clk 1:24:13]} 46. exf5 {[%clk 0:13:59]} Kxf5
{[%clk 1:24:38]} 47. Kf3 {[%clk 0:14:16]} d5 {[%clk 1:24:53]} 48. cxd5 {[%clk
0:14:37]} cxd5 {[%clk 1:25:18]} 49. Kg3 {[%clk 0:14:25]} d4 {[%clk 1:25:35]}
50. Kf3 {[%clk 0:14:32]} e5 {[%clk 1:25:58]} 51. Kf2 Kg4 52. Kg2 {[%clk
0:14:10]} Kxh4 {[%clk 1:26:19]} 53. Kf2 {[%clk 0:14:25]} Kg4 {[%clk 1:26:43]}
54. Kg2 {[%clk 0:14:39]} d3 {[%clk 1:27:08]} 55. Kf2 h4 56. Kg1 {[%clk
0:14:08]} d2 {[%clk 1:27:07]} 57. Kh2 {[%clk 0:14:20]} h3 {[%clk 1:27:06]} 58.
Kh1 {[%clk 0:14:36]} d1=Q+ {[%clk 1:27:29]} 59. Kh2 {[%clk 0:14:54]} Qe2+
{[%clk 1:27:54]} 60. Kg1 {[%clk 0:15:11]} Qg2# {[%clk 1:28:19]} 0-1

[Event "DVM U20w 2019"]
[Site "Braunschweig GER"]
[Date "2019.12.27"]
[Round "1"]
[White "Danilova, Sofia"]
[Black "Malinowsky, Celina"]
[Result "0-1"]
[Termination "normal"]
[Board "5.4"]
[WhiteElo "980"]
[BlackElo "1293"]
[WhiteClock "00:50:33"]
[BlackClock "00:22:53"]
[WhiteTeam "SV Lingen"]
[BlackTeam "SK Doppelbauer Kiel"]
[PlyCount "80"]
[WhiteFideId "16298632"]
[BlackFideId "16266986"]
[EventCountry "GER"]
[EventRounds "7"]
[EventType "team-swiss"]
[EventDate "2019.12.26"]

1. Nf3 {[%clk 1:30:57]} Nc6 {[%clk 1:30:08]} 2. d4 {[%clk 1:31:12]} d5 {[%clk
1:29:40]} 3. g3 {[%clk 1:31:22]} Bf5 {[%clk 1:26:17]} 4. c3 {[%clk 1:30:49]}
Nf6 {[%clk 1:23:11]} 5. Bg2 {[%clk 1:30:10]} e6 {[%clk 1:20:09]} 6. O-O {[%clk
1:29:07]} Bd6 {[%clk 1:16:23]} 7. Be3 Ne4 {[%clk 1:13:31]} 8. Nbd2 {[%clk
1:27:50]} O-O {[%clk 1:12:35]} 9. Nh4 {[%clk 1:26:23]} Nxd2 {[%clk 1:11:31]}
10. Qxd2 {[%clk 1:26:10]} Bg6 {[%clk 1:10:24]} 11. Nf3 f6 {[%clk 0:59:57]} 12.
Nh4 {[%clk 1:23:25]} Qe8 {[%clk 0:59:05]} 13. f4 {[%clk 1:23:14]} f5 {[%clk
0:56:44]} 14. b4 {[%clk 1:22:38]} Be7 {[%clk 0:55:43]} 15. Nf3 {[%clk 1:22:32]}
Nb8 {[%clk 0:50:52]} 16. Ne5 {[%clk 1:22:16]} Nd7 {[%clk 0:50:59]} 17. Rac1
{[%clk 1:20:26]} Nxe5 {[%clk 0:49:57]} 18. dxe5 {[%clk 1:20:12]} Rd8 {[%clk
0:48:11]} 19. Qb2 {[%clk 1:19:32]} Qb5 {[%clk 0:45:18]} 20. Rfe1 {[%clk
1:17:26]} c5 {[%clk 0:45:26]} 21. a3 {[%clk 1:13:41]} a5 {[%clk 0:42:22]} 22.
Qa2 {[%clk 1:09:30]} axb4 {[%clk 0:40:25]} 23. c4 {[%clk 1:09:11]} dxc4 {[%clk
0:40:07]} 24. Rxc4 {[%clk 1:09:16]} bxa3 {[%clk 0:39:45]} 25. Rb1 {[%clk
1:09:16]} Qe8 {[%clk 0:31:42]} 26. Bxc5 {[%clk 1:07:55]} Bxc5+ {[%clk 0:31:25]}
27. Rxc5 {[%clk 1:08:06]} Qa4 {[%clk 0:27:13]} 28. Bf1 {[%clk 1:03:15]} Qd4+
{[%clk 0:27:23]} 29. Kh1 {[%clk 1:01:57]} Qxc5 {[%clk 0:27:28]} 30. Bg2 {[%clk
0:59:30]} Qe3 {[%clk 0:24:31]} 31. Bf3 {[%clk 0:57:00]} Bf7 {[%clk 0:23:31]}
32. Qc4 {[%clk 0:53:58]} Rd2 {[%clk 0:22:23]} 33. Ra1 {[%clk 0:53:05]} Rfd8
{[%clk 0:22:46]} 34. Qa4 {[%clk 0:52:22]} Qd4 {[%clk 0:22:39]} 35. Qb3 {[%clk
0:52:18]} Qxa1+ {[%clk 0:22:55]} 36. Kg2 {[%clk 0:51:32]} a2 {[%clk 0:22:21]}
37. Kh3 {[%clk 0:49:57]} Qf1+ {[%clk 0:22:21]} 38. Kh4 {[%clk 0:50:39]} Rxe2
{[%clk 0:22:26]} 39. Bxe2 {[%clk 0:50:42]} Qxe2 {[%clk 0:22:51]} 40. Qc3 {[%clk
0:50:33]} Qh5# {[%clk 0:22:53]} 0-1

[Event "DVM U20w 2019"]
[Site "Braunschweig GER"]
[Date "2019.12.27"]
[Round "1"]
[White "Wiesner, Paula"]
[Black "Ziegenfuß, Larissa"]
[Result "1-0"]
[Termination "normal"]
[Board "6.1"]
[WhiteElo "1955"]
[BlackElo "1755"]
[WhiteClock "00:26:37"]
[BlackClock "00:23:34"]
[WhiteTeam "SC Borussia Lichtenberg"]
[BlackTeam "SG Blau-Weiß Stadtilm"]
[PlyCount "88"]
[WhiteFideId "24654019"]
[BlackFideId "12974722"]
[EventCountry "GER"]
[EventRounds "7"]
[EventType "team-swiss"]
[EventDate "2019.12.26"]

1. d4 Nf6 2. c4 e6 3. Nc3 Bb4 4. e3 O-O 5. Nge2 Re8 6. a3 Bf8 7. Ng3 d5 8. Bd3
b6 9. O-O Bb7 10. Qc2 g6 11. b3 {[%clk 1:20:44]} Nbd7 {[%clk 1:17:56]} 12. Bb2
{[%clk 1:20:44]} e5 {[%clk 1:10:56]} 13. cxd5 {[%clk 1:14:47]} exd4 {[%clk
0:57:34]} 14. exd4 {[%clk 1:13:45]} Nxd5 {[%clk 0:56:13]} 15. Rfe1 {[%clk
1:09:25]} N7f6 {[%clk 0:52:44]} 16. Bc4 {[%clk 1:04:19]} Bg7 {[%clk 0:49:12]}
17. Re5 {[%clk 0:59:16]} Nf4 {[%clk 0:40:52]} 18. Bf1 {[%clk 0:53:39]} Qd7
{[%clk 0:35:07]} 19. Rae1 {[%clk 0:48:02]} a6 {[%clk 0:33:12]} 20. Qc1 {[%clk
0:39:59]} N6d5 {[%clk 0:30:18]} 21. Rxe8+ {[%clk 0:38:17]} Rxe8 {[%clk
0:30:36]} 22. Nxd5 {[%clk 0:37:50]} Nxd5 {[%clk 0:30:27]} 23. Re4 {[%clk
0:34:03]} Rxe4 {[%clk 0:25:10]} 24. Nxe4 {[%clk 0:34:16]} f5 {[%clk 0:22:42]}
25. Nd2 {[%clk 0:28:15]} Qe7 {[%clk 0:18:48]} 26. Nc4 {[%clk 0:25:35]} Kh8
{[%clk 0:15:03]} 27. Ne5 {[%clk 0:25:19]} c5 {[%clk 0:13:47]} 28. Nf3 {[%clk
0:20:08]} Qf6 {[%clk 0:10:58]} 29. Qe1 {[%clk 0:18:56]} Qf7 {[%clk 0:08:21]}
30. Bc4 {[%clk 0:14:29]} Qe7 {[%clk 0:07:25]} 31. Ne5 {[%clk 0:13:16]} Qc7
{[%clk 0:04:51]} 32. dxc5 {[%clk 0:12:27]} bxc5 {[%clk 0:03:15]} 33. Nd3 {[%clk
0:10:25]} Bxb2 {[%clk 0:02:38]} 34. Nxb2 {[%clk 0:10:46]} Nf6 {[%clk 0:01:56]}
35. Qe6 {[%clk 0:09:15]} Kg7 {[%clk 0:01:24]} 36. Nd3 {[%clk 0:07:57]} a5
{[%clk 0:01:03]} 37. Nxc5 {[%clk 0:05:25]} Qxc5 {[%clk 0:00:46]} 38. Qf7+
{[%clk 0:05:39]} Kh6 {[%clk 0:01:14]} 39. Qxf6 {[%clk 0:04:54]} Qxa3 {[%clk
0:01:02]} 40. Qh4+ {[%clk 0:04:07]} Kg7 {[%clk 0:01:13]} 41. Qd4+ {[%clk
0:04:07]} Kh6 {[%clk 0:01:11]} 42. Qf4+ {[%clk 0:25:49]} g5 {[%clk 0:30:42]}
43. Qxf5 {[%clk 0:26:14]} Qc1+ {[%clk 0:25:17]} 44. Bf1 {[%clk 0:26:37]} Bc8
{[%clk 0:23:34]} *